Leveraging Reasoning Large Language Models for Self-Hosted Product Feed Generation
Na minha lista:
| Autor principal: | |
|---|---|
| Outros Autores: | |
| Formato: | Manuscrito Livro |
| Idioma: | eslovaco inglês |
| Publicado em: |
2026
|
| Assuntos: | |
| Acesso em linha: | http://is.stuba.sk/zp/portal_zp.pl?podrobnosti=175480 |
| Tags: |
Sem tags, seja o primeiro a adicionar uma tag!
|
MARC
| LEADER | 00000ntm a22000003a 4500 | ||
|---|---|---|---|
| 001 | stuzp108442 | ||
| 003 | SK-STU | ||
| 005 | 20260207210409.6 | ||
| 007 | ta | ||
| 008 | 150427s2015----xo-----f-mn---000-0-slo-d | ||
| 040 | |a STU |b slo | ||
| 041 | 0 | |a eng | |
| 100 | 1 | |a Trenčéniová, Tamara |u 070400 |4 aut |U FIIT Fakulta informatiky a informačných technológií |T FIIT Ústav počítačového inžinierstva a aplikovanej informatiky |X 120994 |U I400 |Y 672 |7 120994 | |
| 242 | 0 | 1 | |a Využitie veľkých jazykových modelov na lokálne generovanie produktových dátových štruktúr |y slo |
| 245 | 1 | 0 | |a Leveraging Reasoning Large Language Models for Self-Hosted Product Feed Generation |
| 260 | |c 2026 | ||
| 650 | 4 | |a Veľké jazykové modely |2 slo | |
| 650 | 4 | |a Generovanie štruktúrovaných dát |2 slo | |
| 650 | 4 | |a Extrakcia informácií |2 slo | |
| 650 | 4 | |a Information Extraction |2 eng | |
| 650 | 4 | |a Structured Data Generation |2 eng | |
| 650 | 4 | |a Large Language Models |2 eng | |
| 700 | 1 | |a Brach, William |u 070400 |k Z3 |4 ths |U FIIT Fakulta informatiky a informačných technológií |T FIIT Ústav počítačového inžinierstva a aplikovanej informatiky |X 85785 |U I400 |Y 672 |7 85785 | |
| 856 | 4 | |u http://is.stuba.sk/zp/portal_zp.pl?podrobnosti=175480 | |